|
|
|
|
| LEADER |
00935nam a22002772a 4500 |
| 001 |
000386876 |
| 003 |
CZ BrMZK |
| 005 |
20141002173805.0 |
| 007 |
ta |
| 008 |
010907s1961 xo f slo d |
| 040 |
|
|
|a ABD005
|b cze
|c ABD005
|d ABD005
|d ABD001
|d BOA001
|
| 072 |
|
7 |
|a 82.0
|x Literatura (teorie)
|2 Konspekt
|9 11
|
| 100 |
1 |
|
|a Pišút, Milan,
|d 1908-1984
|7 jn20000604449
|4 aut
|
| 245 |
1 |
0 |
|a Roky a diela :
|b štúdie a kritiky /
|c Milan Pišút
|
| 250 |
|
|
|a 1. vyd.
|
| 260 |
|
|
|a Bratislava :
|b Slovenský spisovateľ,
|c 1961
|
| 300 |
|
|
|a 469 s.
|
| 490 |
1 |
|
|a Kritika ;
|v zv. 8
|
| 504 |
|
|
|a Obsahuje bibliografii a rejstřík
|
| 650 |
0 |
7 |
|a slovenská literatura
|7 ph125661
|2 czenas
|
| 655 |
|
7 |
|a studie
|7 fd133597
|2 czenas
|
| 830 |
|
0 |
|a Kritika (Slovenský spisovateľ)
|
| 910 |
|
|
|a BOA001
|b 2-0453.833
|
| 990 |
|
|
|a BK
|
| 991 |
|
|
|b 201407
|
| 996 |
7 |
|
|b 2619804313
|c 2-0453.833
|l MZK
|r Sklad / do 24 hodin
|n 3
|w 000386876
|u 000010
|a 1
|e BOA001
|j MZK50
|s A
|